000 00536cam a2200205ua 4500
001 11840
005 20260515114815.0
008 191111n ii |||gr||||Z||||||eng
020 _a8185475814
040 _cMAIN
082 _a792.0250954
100 _aR.P. Kulkarni,
_eAuthor.
245 _aThe theatre according to the natyasastra of bharata
_cBy R.P. Kulkarni
250 _a1st ed.
260 _aNew Delhi:
_bKanishka Publishers,
_c2008.
300 _a132p.
653 _aStage presentations
653 _aTheatre
942 _cBK
999 _c10622
_d10622